000 00404nam a22001697a 4500
003 MPLRDC
005 20220104144117.0
008 210129b ||||| |||| 00| 0 eng d
020 _a962-301-041-9
082 _a855 SRb
100 _a石人著
245 _a人性的刻绘
_c
260 _a
_b香江出版公司
_c1988
300 _b
650 _a散文;随笔、日记
942 _cBK
_o855 SRb
999 _c46464
_d46454